Brilliant blackberry apps for dummies / (Record no. 358817)
[ view plain ]
| 000 -LEADER | |
|---|---|
| fixed length control field | 00408nam a2200133Ia 4500 |
| 008 - FIXED-LENGTH DATA ELEMENTS--GENERAL INFORMATION | |
| fixed length control field | 180922s9999 xx 000 0 und d |
| 020 ## - INTERNATIONAL STANDARD BOOK NUMBER | |
| International Standard Book Number | 9780470903025 |
| 100 ## - MAIN ENTRY--PERSONAL NAME | |
| Personal name | Sandler,Corey. |
| 245 ## - TITLE STATEMENT | |
| Statement of responsibility, etc | Corey Sandler.-- |
| Title | Brilliant blackberry apps for dummies / |
| 260 ## - PUBLICATION, DISTRIBUTION, ETC. (IMPRINT) | |
| Place of publication, distribution, etc | New Jersey : |
| Name of publisher, distributor, etc | Wiley Publishing |
| Date of publication, distribution, etc | 2011 |
| 300 ## - PHYSICAL DESCRIPTION | |
| Extent | xii, 227 pages. |
| 650 ## - SUBJECT ADDED ENTRY--TOPICAL TERM | |
| Topical term or geographic name as entry element | BlackBerry (Smartphone). |
| 650 ## - SUBJECT ADDED ENTRY--TOPICAL TERM | |
| Topical term or geographic name as entry element | Mobile applications. |
| Withdrawn status | Lost status | Source of classification or shelving scheme | Damaged status | Home library | Current library | Shelving location | Date acquired | Source of acquisition | Total Checkouts | Full call number | Barcode | Date last seen | Price effective from | Koha item type |
|---|---|---|---|---|---|---|---|---|---|---|---|---|---|---|
| Library of Congress Classification | Archives | Archives | 09/22/2018 | Donation | QA 76.8.B53 .Sa19 2011 | C21637 | 09/22/2018 | 09/22/2018 | Books |